000 00391nam a2200157Ia 4500
005 20250514005720.0
008 240331s9999 xx 000 0 und d
082 _a294
_bSOM
100 _aSomadevayan
245 0 _aSomadevayange katha sirith sagaraya
250 _a2nd
260 _aNugegoda
_bM.D. Gunasena Books
_c1964
300 _a483 p .,
500 _aA Book about somadevi
942 _cL
999 _c903
_d903